|
|
|
|
| LEADER |
00000nab a2200000 a 4500 |
| 001 |
vtls000381172 |
| 003 |
SK-MaSNL |
| 005 |
20260302235338.0 |
| 008 |
111202c1990 xo 0 slo |
| 015 |
|
|
|a SNBRB19rr/mm-uuuuu
|
| 035 |
|
|
|a CL0381294
|
| 040 |
|
|
|a SNKBUCL
|b slo
|c SNKBUCL
|e AACR2
|
| 041 |
0 |
|
|a slo
|
| 044 |
|
|
|a xo
|c SK
|
| 080 |
|
|
|a 07:061.2(437.6)
|2 1981
|
| 080 |
|
|
|a 061.2(437.6)
|2 1981
|
| 100 |
1 |
|
|a Kleiman, Dušan,
|d 1945-2006
|4 aut
|9 38154
|
| 245 |
1 |
0 |
|a Novinári pod novou strechou
|b Rozhovor s vedúcim kancelárie Slovenského syndikátu novinárov
|c Dušan Kleiman, Irena Majerová
|
| 610 |
2 |
7 |
|a Slovenský syndikát novinárov
|2 snkbucl
|9 59671
|
| 655 |
|
7 |
|a články z novín a časopisov
|2 snkbucl
|9 267496
|
| 700 |
1 |
|
|a Majerová, Irena
|4 aut
|9 902512
|
| 773 |
0 |
|
|t Národná obroda
|g Roč. 1, č. 6 (21. 5. 1990), s. 13
|
| 850 |
|
|
|a Slovenská národná knižnica v Martine
|a MTA001
|
| 852 |
|
|
|a SNK
|b KIS3GCP
|
| 958 |
|
|
|a RK
|
| 992 |
|
|
|a RBX
|
| 999 |
|
|
|c 1554321
|d 1556251
|